00318nam a2200121Ia 4500008004100000041000800041082001500049100001900064245004500083260002500128300003200153365001100185240624s9999 xx 000 0 und d aeng a332.17 GOM aGOMEZ CLIFFORD aBANKING AND FINANCE THEORY LAW AND PRACT c2014aNew DelhibPHI axxiv, : 344 : p. : cm. ; 24 cRSb33